| 000 | 00583nam a2200193Ia 4500 | ||
|---|---|---|---|
| 008 | 180207s9999 xx 000 0 und d | ||
| 020 | _a9780805426656 | ||
| 050 | _bE439 2003 | ||
| 100 | _aElkins, Stephen | ||
| 245 | _aI've just seen Jesus / | ||
| 245 | _cby Larnelle Harris ; sung and narrated by Larnelle Harris ; illustrated by Ellie Colton. | ||
| 260 | _aNashville, Tennessee : | ||
| 260 | _bBroadman & Holman Publishers, | ||
| 260 | _c2003 | ||
| 300 | _a32 pages : | ||
| 300 | _bcolor illustration ; | ||
| 300 | _c21cm. | ||
| 440 | _aThe dove award signature series. | ||
| 999 |
_c355585 _d355585 |
||